| 000 | 01124cam a2200289 4500 | ||
|---|---|---|---|
| 001 | L159925 | ||
| 008 | 180328n2017 000 0 eng u | ||
| 020 | _a9782884320849 | ||
| 035 | _a(Sirsi) u159925 | ||
| 041 | 0 | _aeng | |
| 050 |
_a624.08 _c18 |
||
| 110 |
_aFederation Internationale des Ingenieurs-Conseils _9764 |
||
| 245 |
_aConditions of contract for construction _bFor building and engineering works designed by employer |
||
| 250 | _a2nd ed | ||
| 260 |
_aLausanne _bFIDIC _c2017 |
||
| 300 |
_avi, 123p _c30cm. |
||
| 520 | _aIncludes general conditions of contract for construction for building and engineering works designed by employer, guidance for the preparation of particular conditions and annexes, forms of securities, forms of letters of tender, letter of acceptance, contract agreement and dispute adjudication and avoidance agreement. | ||
| 520 | _aSuperseded by 1st ed 28843210 | ||
| 590 | _aNTK | ||
| 650 | _aENGINEERING CONTRACTS | ||
| 650 | _aINTERNATIONAL CONTRACTS | ||
| 650 | 2 | 4 | _aRED BOOK |
| 650 | 2 | 4 | _aFIDIC |
| 651 | 4 | _aInternational | |
| 690 |
_aContracts _96232 |
||
| 942 | _n0 | ||
| 999 |
_c116151 _d116151 |
||